[Event "Nuremberg Zabo op 23rd"]
[Site "Nuremberg"]
[Date "2023.09.17"]
[Round "5"]
[White "Cwiklik, Jonah"]
[Black "Wilmes, Frank"]
[Result "1-0"]
[WhiteElo "1241"]
[BlackElo "1813"]
[PlyCount "43"]
[EventDate "2023.09.15"]
[EventType "swiss"]
[EventRounds "5"]
[EventCountry "GER"]
[SourceTitle "EXT 2024"]
[Source "ChessBase"]
[SourceDate "2023.10.10"]
[SourceVersion "1"]
[SourceVersionDate "2023.10.10"]
[SourceQuality "1"]

1. e4 c6 2. Nc3 d5 3. Nf3 dxe4 4. Nxe4 Nf6 5. Qe2 Bf5 6. Nxf6+ gxf6 7. d4 e6 8. Nh4 Nd7 9. f4 h5 10. Nxf5 Qa5+ 11. Bd2 Qxf5 12. c4 0-0-0 13. 0-0-0 Nb6 14. Qe3 Qg6 15. Ba5 e5 16. Bd3 Qg4 17. dxe5 Bh6 18. g3 Rhe8 19. h3 Rxe5 20. hxg4 Rxe3 21. Bf5+ Kc7 22. c5 1-0

[Event "GER T158-D02-S email"]
[Site "GER email"]
[Date "2014.03.01"]
[Round "?"]
[White "Cremerius, Armin"]
[Black "Wilmes, Frank"]
[Result "0-1"]
[WhiteElo "1890"]
[BlackElo "2022"]
[PlyCount "48"]
[EventDate "2014.02.26"]
[EventType "tourn (corr)"]
[EventRounds "8"]
[EventCountry "GER"]
[SourceTitle "Corr 2020"]
[Source "ChessBase"]
[SourceDate "2019.09.30"]
[SourceVersion "1"]
[SourceVersionDate "2019.09.30"]
[SourceQuality "1"]

1. Nf3 Nf6 2. g3 d5 3. Bg2 c6 4. 0-0 Bg4 5. d4 Nbd7 6. Nbd2 e6 7. b3 Be7 8. Bb2 0-0 9. c4 h6 10. Re1 Qc7 11. Rc1 a5 12. h3 Bf5 13. Nh4 Bh7 14. a3 Rfe8 15. Nhf3 Rad8 16. e3 Qb8 17. Nh2 b5 18. c5 e5 19. dxe5 Nxe5 20. Bxe5 Qxe5 21. b4 axb4 22. axb4 Qb2 23. Nb3 Rc8 24. Nf1 Qa3 0-1

[Event "GER T158-D02-S email"]
[Site "GER email"]
[Date "2014.03.01"]
[Round "?"]
[White "Fischer, Ronald"]
[Black "Wilmes, Frank"]
[Result "1/2-1/2"]
[WhiteElo "1747"]
[BlackElo "2022"]
[PlyCount "74"]
[EventDate "2014.02.26"]
[EventType "tourn (corr)"]
[EventRounds "8"]
[EventCountry "GER"]
[SourceTitle "Corr 2020"]
[Source "ChessBase"]
[SourceDate "2019.09.30"]
[SourceVersion "1"]
[SourceVersionDate "2019.09.30"]
[SourceQuality "1"]

1. Nf3 Nf6 2. g3 d5 3. Bg2 c6 4. 0-0 Bg4 5. d4 Nbd7 6. Nbd2 e6 7. Re1 Be7 8. c3 0-0 9. e4 h6 10. h3 Bh5 11. e5 Nh7 12. Nf1 Ng5 13. Bxg5 hxg5 14. a3 Re8 15. N1d2 c5 16. dxc5 Bxc5 17. b4 Bf8 18. c4 a5 19. bxa5 Qxa5 20. cxd5 exd5 21. Nb3 Qb6 22. Qxd5 Rad8 23. Qc4 Bxf3 24. e6 Bh5 25. exd7 Rxe1+ 26. Rxe1 Rxd7 27. Re8 Rd1+ 28. Kh2 Rd8 29. Rxd8 Qxd8 30. a4 b6 31. Bd5 Qd7 32. Kg2 Be2 33. Qxe2 Qxd5+ 34. Qf3 Qe6 35. a5 bxa5 36. Nxa5 Bb4 37. Nc6 Bc5 1/2-1/2

[Event "GER T158-D02-S email"]
[Site "GER email"]
[Date "2014.03.01"]
[Round "?"]
[White "Kaupat, Thomas"]
[Black "Wilmes, Frank"]
[Result "0-1"]
[WhiteElo "1428"]
[BlackElo "2022"]
[PlyCount "40"]
[EventDate "2014.02.26"]
[EventType "tourn (corr)"]
[EventRounds "8"]
[EventCountry "GER"]
[SourceTitle "Corr 2020"]
[Source "ChessBase"]
[SourceDate "2019.09.30"]
[SourceVersion "1"]
[SourceVersionDate "2019.09.30"]
[SourceQuality "1"]

1. Nf3 Nf6 2. g3 d5 3. Bg2 c6 4. 0-0 Bg4 5. d4 Nbd7 6. Nbd2 e6 7. Re1 Be7 8. e4 0-0 9. exd5 cxd5 10. c4 h6 11. b3 Rc8 12. Bb2 Bb4 13. a3 Bxd2 14. Qxd2 dxc4 15. bxc4 Rxc4 16. Qd3 b5 17. Ne5 Nxe5 18. Rxe5 Qd7 19. Rc1 Rfc8 20. Rxc4 bxc4 0-1

[Event "GER T158-D02-S email"]
[Site "GER email"]
[Date "2014.03.01"]
[Round "?"]
[White "Offenborn, Heinz"]
[Black "Wilmes, Frank"]
[Result "1/2-1/2"]
[WhiteElo "2133"]
[BlackElo "2022"]
[PlyCount "51"]
[EventDate "2014.02.26"]
[EventType "tourn (corr)"]
[EventRounds "8"]
[EventCountry "GER"]
[SourceTitle "Corr 2020"]
[Source "ChessBase"]
[SourceDate "2019.09.30"]
[SourceVersion "1"]
[SourceVersionDate "2019.09.30"]
[SourceQuality "1"]

1. Nf3 Nf6 2. g3 d5 3. Bg2 c6 4. 0-0 Bg4 5. d4 Nbd7 6. Nbd2 e6 7. Re1 Be7 8. e4 0-0 9. c3 h6 10. Qb3 Qc7 11. exd5 cxd5 12. Nf1 Bh5 13. Bf4 Qc6 14. N3d2 b5 15. a4 a6 16. Ne3 g5 17. Be5 bxa4 18. Rxa4 Nxe5 19. dxe5 Nd7 20. Qa2 Nb6 21. Ra5 Qc7 22. Nf3 Bxf3 23. Bxf3 Qxe5 24. Qb1 Qc7 25. Qd3 Bf6 26. Rea1 1/2-1/2

[Event "GER-ch45 V09 email"]
[Site "GER email"]
[Date "2013.03.27"]
[Round "?"]
[White "Fischer, Detlev"]
[Black "Wilmes, Frank"]
[Result "1/2-1/2"]
[WhiteElo "2081"]
[BlackElo "2012"]
[PlyCount "34"]
[EventDate "2013.04.08"]
[EventType "tourn (corr)"]
[EventRounds "12"]
[EventCountry "GER"]
[SourceTitle "Corr 2015"]
[Source "ChessBase"]
[SourceDate "2015.07.17"]
[SourceVersion "1"]
[SourceVersionDate "2015.07.17"]
[SourceQuality "1"]

1. d4 Nf6 2. c4 g6 3. Nc3 d5 4. cxd5 Nxd5 5. e4 Nxc3 6. bxc3 Bg7 7. Bc4 c5 8. Ne2 Nc6 9. Be3 0-0 10. 0-0 e6 11. dxc5 Qa5 12. f4 Rd8 13. Qb3 Bf8 14. f5 Bxc5 15. Nd4 Nxd4 16. cxd4 Rxd4 17. fxe6 Rxe4 1/2-1/2

[Event "GER T169-E00-S email"]
[Site "GER email"]
[Date "2013.03.21"]
[Round "?"]
[White "Engelhardt, Georg"]
[Black "Wilmes, Frank"]
[Result "0-1"]
[WhiteElo "2154"]
[BlackElo "2012"]
[PlyCount "82"]
[EventDate "2013.03.26"]
[EventType "tourn (corr)"]
[EventRounds "8"]
[EventCountry "GER"]
[SourceTitle "Corr 2015"]
[Source "ChessBase"]
[SourceDate "2015.07.17"]
[SourceVersion "1"]
[SourceVersionDate "2015.07.17"]
[SourceQuality "1"]

1. d4 Nf6 2. c4 e6 3. g3 d5 4. Nf3 dxc4 5. Bg2 Nc6 6. Qa4 Bb4+ 7. Bd2 Nd5 8. Bxb4 Ndxb4 9. 0-0 Bd7 10. Ne5 a5 11. Nxd7 Qxd7 12. Rd1 0-0 13. a3 Nd5 14. Qxc4 Rfd8 15. Nc3 Nce7 16. Ne4 Qc6 17. Qxc6 Nxc6 18. Nc5 b6 19. Na4 Nce7 20. Rac1 Rd7 21. b3 Rb8 22. h4 g6 23. Nb2 Kg7 24. Nc4 c6 25. Ne5 Rd6 26. e3 h6 27. Bh3 Nf6 28. Kf1 c5 29. Bg2 cxd4 30. Rc7 Kf8 31. exd4 Rc8 32. Rxc8+ Nxc8 33. Rc1 Rd8 34. Rc7 Nd6 35. Bc6 Kg8 36. Ra7 h5 37. Bf3 Rc8 38. Nc6 Kg7 39. a4 Nd5 40. Bxd5 exd5 41. Ne5 Re8 0-1

[Event "GER MS-148 email"]
[Site "GER email"]
[Date "2012.04.30"]
[Round "?"]
[White "Firsching, Guenter"]
[Black "Wilmes, Frank"]
[Result "0-1"]
[WhiteElo "2080"]
[BlackElo "1955"]
[PlyCount "94"]
[EventDate "2012.05.10"]
[EventType "tourn (corr)"]
[EventRounds "6"]
[EventCountry "GER"]
[SourceTitle "Corr 2015"]
[Source "ChessBase"]
[SourceDate "2015.07.17"]
[SourceVersion "1"]
[SourceVersionDate "2015.07.17"]
[SourceQuality "1"]

1. e4 c6 2. d4 d5 3. f3 Qb6 4. Nc3 e6 5. Nge2 Nf6 6. a3 Be7 7. Ng3 0-0 8. e5 Nfd7 9. b4 a5 10. b5 a4 11. Qd3 f6 12. exf6 Nxf6 13. Be3 Ne8 14. Qd2 Bd7 15. bxc6 Nxc6 16. Bd3 Na5 17. 0-0 Nd6 18. Rfb1 Qa7 19. Bf2 Nac4 20. Qe1 Bf6 21. Nge2 Rac8 22. Kh1 Rf7 23. Bg3 Be7 24. Ra2 Nf5 25. Bxc4 Nxg3+ 26. hxg3 Rxc4 27. Nd1 b5 28. Qd2 e5 29. Ne3 Rc6 30. Nxd5 Rh6+ 31. Kg1 Bf8 32. Ne3 exd4 33. Nxd4 Bd6 34. g4 Bf4 35. Qd3 Re7 36. Nd5 Bh2+ 37. Kf2 Re5 38. Ne3 Bf4 39. Re1 Qc7 40. Nf1 Be6 41. Raa1 Bc4 42. Qc3 Rh1 43. Rxe5 Bxe5 44. Qe3 h6 45. Re1 b4 46. Ne2 bxa3 47. Qxa3 Bd6 0-1

[Event "GER MS-148 email"]
[Site "GER email"]
[Date "2012.04.30"]
[Round "?"]
[White "Zimmermann, Falk"]
[Black "Wilmes, Frank"]
[Result "0-1"]
[WhiteElo "1998"]
[BlackElo "1955"]
[PlyCount "130"]
[EventDate "2012.05.10"]
[EventType "tourn (corr)"]
[EventRounds "6"]
[EventCountry "GER"]
[SourceTitle "Corr 2015"]
[Source "ChessBase"]
[SourceDate "2015.07.17"]
[SourceVersion "1"]
[SourceVersionDate "2015.07.17"]
[SourceQuality "1"]

1. d4 d5 2. c4 c6 3. Nf3 Nf6 4. Nc3 dxc4 5. a4 Bf5 6. e3 e6 7. Bxc4 Bb4 8. 0-0 Nbd7 9. Qe2 Bg6 10. Bd3 Bxd3 11. Qxd3 0-0 12. Rd1 Qa5 13. e4 e5 14. Be3 Rad8 15. Qc2 Rfe8 16. d5 Rc8 17. d6 Rcd8 18. Na2 Bc5 19. b4 Bxb4 20. Rab1 c5 21. Nxb4 cxb4 22. Qc4 Qxa4 23. Ng5 Rf8 24. Ra1 Qc6 25. Qxb4 b6 26. Rxa7 Nc5 27. g3 h6 28. Nf3 Rxd6 29. Rxd6 Qxd6 30. Bxc5 bxc5 31. Qc4 Nh7 32. Kg2 Ng5 33. Ra6 Qc7 34. Nxg5 hxg5 35. Rg6 Kh7 36. Rxg5 g6 37. f4 f6 38. Rg4 Qd6 39. Qc1 Rd8 40. Qc4 Rd7 41. fxe5 fxe5 42. Qd5 Qe7 43. Qa2 Qf6 44. Qe2 Rf7 45. h4 c4 46. Qxc4 Qf3+ 47. Kh2 Kg7 48. Rg5 Qd1 49. Kg2 Qd2+ 50. Kh3 Rf2 51. Qc7+ Kh6 52. Rxg6+ Kxg6 53. Qc6+ Rf6 54. Qe8+ Kg7 55. Qe7+ Rf7 56. Qxe5+ Kh7 57. Qh5+ Kg8 58. Qg4+ Kf8 59. Qc8+ Ke7 60. Qh8 Qd6 61. Qa8 Qd7+ 62. Kg2 Qd2+ 63. Kh3 Qd1 64. Qa3+ Kf6 65. e5+ Kg6 0-1

[Event "GER MS-146 email"]
[Site "GER email"]
[Date "2011.12.11"]
[Round "?"]
[White "Milde, Lars"]
[Black "Wilmes, Frank"]
[Result "1/2-1/2"]
[WhiteElo "2043"]
[BlackElo "2022"]
[PlyCount "69"]
[EventDate "2011.12.19"]
[EventType "tourn (corr)"]
[EventRounds "6"]
[EventCountry "GER"]
[SourceTitle "Corr 2015"]
[Source "ChessBase"]
[SourceDate "2015.07.17"]
[SourceVersion "1"]
[SourceVersionDate "2015.07.17"]
[SourceQuality "1"]

1. e4 c6 2. d4 d5 3. e5 Bf5 4. Nf3 e6 5. Be2 c5 6. Be3 cxd4 7. Nxd4 Ne7 8. Bg5 Qd7 9. Bxe7 Bxe7 10. Nxf5 exf5 11. Nd2 Nc6 12. Nf3 a6 13. 0-0 Rd8 14. Re1 0-0 15. Bd3 g6 16. Re2 Rfe8 17. Qd2 Bf8 18. Rae1 Re7 19. h4 Rde8 20. h5 Bg7 21. Qf4 Qc7 22. h6 Bh8 23. c3 Kf8 24. Ng5 Kg8 25. Nf3 Nxe5 26. Kf1 Kf8 27. g3 Bf6 28. g4 Qb8 29. Nxe5 Bxe5 30. Qb4 Qd6 31. Qxd6 Bxd6 32. gxf5 Bf4 33. Rxe7 Rxe7 34. Rd1 Bxh6 35. Be2 1/2-1/2

[Event "GER MS-146 email"]
[Site "GER email"]
[Date "2011.12.11"]
[Round "?"]
[White "Warzecha, Helmut"]
[Black "Wilmes, Frank"]
[Result "1/2-1/2"]
[WhiteElo "2009"]
[BlackElo "2022"]
[PlyCount "83"]
[EventDate "2011.12.19"]
[EventType "tourn (corr)"]
[EventRounds "6"]
[EventCountry "GER"]
[SourceTitle "Corr 2015"]
[Source "ChessBase"]
[SourceDate "2015.07.17"]
[SourceVersion "1"]
[SourceVersionDate "2015.07.17"]
[SourceQuality "1"]

1. e4 c6 2. d4 d5 3. Nc3 dxe4 4. Nxe4 Nf6 5. Nxf6+ gxf6 6. Nf3 Bg4 7. Be2 Qc7 8. 0-0 Nd7 9. a4 0-0-0 10. b4 Rg8 11. a5 e6 12. Rb1 f5 13. Kh1 Nf6 14. c4 Bg7 15. b5 Ne4 16. b6 axb6 17. axb6 Qd6 18. Qc2 Bxd4 19. Nxd4 Qxd4 20. Bxg4 fxg4 21. Be3 Qe5 22. Ra1 Kd7 23. Rfe1 Ke8 24. Ra7 Rb8 25. Qe2 f5 26. f3 gxf3 27. gxf3 Ng5 28. Bxg5 Qxe2 29. Rxe2 Rxg5 30. Rxe6+ Kd7 31. Re5 Rg6 32. c5 Re6 33. Rxf5 Re2 34. Rf7+ Re7 35. Rxe7+ Kxe7 36. Ra2 Rg8 37. Re2+ Kf7 38. Rd2 Ke8 39. h4 Rg3 40. Ra2 Rxf3 41. Ra8+ Kd7 42. Rb8 1/2-1/2

[Event "GER HS-089 email"]
[Site "GER email"]
[Date "2011.08.01"]
[Round "?"]
[White "Lorenz, Rudolf"]
[Black "Wilmes, Frank"]
[Result "1/2-1/2"]
[WhiteElo "1943"]
[BlackElo "1898"]
[PlyCount "71"]
[EventDate "2011.08.08"]
[EventType "tourn (corr)"]
[EventRounds "6"]
[EventCountry "GER"]
[SourceTitle "Corr 2015"]
[Source "ChessBase"]
[SourceDate "2015.07.17"]
[SourceVersion "1"]
[SourceVersionDate "2015.07.17"]
[SourceQuality "1"]
[WhiteTeam "Germany"]
[BlackTeam "Latvia"]
[WhiteTeamCountry "GER"]
[BlackTeamCountry "LAT"]

1. d4 Nf6 2. c4 g6 3. Nc3 Bg7 4. e4 d6 5. Nf3 0-0 6. h3 e5 7. d5 Nbd7 8. Bg5 h6 9. Be3 Nc5 10. Nd2 a5 11. Be2 Ne8 12. g4 Bd7 13. h4 c6 14. Nb3 Na6 15. f3 a4 16. Nc1 a3 17. Rb1 f5 18. gxf5 gxf5 19. bxa3 Nc5 20. Nd3 b6 21. dxc6 Bxc6 22. Nb4 Bb7 23. Nbd5 fxe4 24. Nxe4 Rf7 25. a4 Nxa4 26. Qd2 Nc5 27. Rxb6 Ne6 28. Rb2 Nd4 29. Bxh6 Bxd5 30. cxd5 Rxf3 31. Be3 Nf6 32. Nxf6+ Qxf6 33. Bxd4 exd4 34. Qg5 Qxg5 35. hxg5 Re3 36. Rd2 1/2-1/2

[Event "GER HS-089 email"]
[Site "GER email"]
[Date "2011.08.01"]
[Round "?"]
[White "Roeckendorf, Paul Uwe"]
[Black "Wilmes, Frank"]
[Result "1/2-1/2"]
[WhiteElo "2025"]
[BlackElo "1898"]
[PlyCount "69"]
[EventDate "2011.08.08"]
[EventType "tourn (corr)"]
[EventRounds "6"]
[EventCountry "GER"]
[SourceTitle "Corr 2015"]
[Source "ChessBase"]
[SourceDate "2015.07.17"]
[SourceVersion "1"]
[SourceVersionDate "2015.07.17"]
[SourceQuality "1"]
[WhiteTeam "Germany"]
[BlackTeam "Latvia"]
[WhiteTeamCountry "GER"]
[BlackTeamCountry "LAT"]

1. e4 c6 2. d4 d5 3. e5 Bf5 4. Nf3 e6 5. Be2 Ne7 6. 0-0 Nd7 7. Nh4 c5 8. c3 Be4 9. Nd2 Nc6 10. Nxe4 dxe4 11. g3 Be7 12. Ng2 Qb6 13. dxc5 Qc7 14. b4 a5 15. Qb3 0-0 16. Rd1 Ncxe5 17. Bf4 Rfd8 18. Qc2 Qc6 19. a4 Nf3+ 20. Bxf3 exf3 21. Bd6 Bf6 22. b5 Qc8 23. Ne1 Nxc5 24. Nxf3 b6 25. Kg2 Nb7 26. Be5 Qc4 27. Rac1 Rac8 28. Bxf6 gxf6 29. Nd4 Rc5 30. Nc6 Rd6 31. Rxd6 Nxd6 32. Rd1 Nf5 33. Nb8 Qg4 34. h3 Nh4+ 35. Kg1 1/2-1/2

[Event "GER HS-089 email"]
[Site "GER email"]
[Date "2011.08.01"]
[Round "?"]
[White "Wilmes, Frank"]
[Black "Floren, Dieter"]
[Result "1-0"]
[WhiteElo "1898"]
[BlackElo "1873"]
[PlyCount "107"]
[EventDate "2011.08.08"]
[EventType "tourn (corr)"]
[EventRounds "6"]
[EventCountry "GER"]
[SourceTitle "Corr 2015"]
[Source "ChessBase"]
[SourceDate "2015.07.17"]
[SourceVersion "1"]
[SourceVersionDate "2015.07.17"]
[SourceQuality "1"]
[WhiteTeam "Germany"]
[BlackTeam "Latvia"]
[WhiteTeamCountry "GER"]
[BlackTeamCountry "LAT"]

1. d4 d5 2. Nf3 Nf6 3. g3 c6 4. Bg2 Bf5 5. c4 e6 6. 0-0 Nbd7 7. cxd5 exd5 8. Nh4 Be4 9. f3 Bg6 10. Nc3 Nb6 11. e4 Be7 12. Nxg6 hxg6 13. Qd3 0-0 14. e5 Ne8 15. f4 Nc7 16. f5 gxf5 17. Rxf5 c5 18. Rh5 g6 19. Rh6 Kg7 20. Rh3 cxd4 21. Bh6+ Kg8 22. Qxd4 Ne6 23. Qd3 Re8 24. Rf1 Bc5+ 25. Kh1 Bd4 26. Bf4 Bxc3 27. Qxc3 Rc8 28. Qf3 Qe7 29. b3 Qf8 30. Bh6 Qe7 31. Bd2 Qf8 32. Rh4 Nd7 33. Qg4 Qg7 34. Bxd5 Rc5 35. Bxb7 g5 36. Rh5 Nxe5 37. Qe2 Nd7 38. b4 Rc2 39. Qd3 Rc7 40. Re1 Nf6 41. Rxe6 Rxe6 42. Rxg5 Qxg5 43. Bxg5 Rxb7 44. b5 Rd7 45. Qf3 Rdd6 46. a4 a6 47. Kg2 axb5 48. axb5 Rb6 49. Qf5 Rbd6 50. h4 Re2+ 51. Kh3 Ree6 52. Qc2 Nd7 53. Bf4 Rd4 54. Bc7 1-0

[Event "GER HS-089 email"]
[Site "GER email"]
[Date "2011.08.01"]
[Round "?"]
[White "Wilmes, Frank"]
[Black "Morschel, Dieter T"]
[Result "1-0"]
[WhiteElo "1898"]
[BlackElo "1804"]
[PlyCount "27"]
[EventDate "2011.08.08"]
[EventType "tourn (corr)"]
[EventRounds "6"]
[EventCountry "GER"]
[SourceTitle "Corr 2015"]
[Source "ChessBase"]
[SourceDate "2015.07.17"]
[SourceVersion "1"]
[SourceVersionDate "2015.07.17"]
[SourceQuality "1"]

1. d4 d5 2. Nf3 Nf6 3. c4 e6 4. g3 Be7 5. Bg2 0-0 6. 0-0 Nbd7 7. Qc2 c6 8. Nbd2 b6 9. e4 Bb7 10. e5 Ne8 11. cxd5 cxd5 12. Re1 Rc8 13. Qa4 Nc7 14. Nf1 1-0